000 00997nam a2200289 i 4500
003 DO-SdBNP
005 20250905134918.0
007 ta
008 220707e1996 dr ||||er|||| 001 0dspa d
020 _a8460546349
040 _aDO-SdBNP
_bspa
_cBNPHU
_erda
041 _aspa
082 4 _a658.562
_bC744si
_222
100 1 _aConcepción y García, Js. Gilberto,
_q(Jesús Gilberto)
_eautor
_981964
_4aut.
245 1 0 _aSimplemente calidad /
_cJs. Gilberto Concepción y García
264 1 _aSanto Domingo, República Dominicana :
_bImpresora Saladín,
_c1996.
300 _axxi, 191 páginas ;
_c21 cm.
336 _atexto
_btxt
_2rdacontent
337 _asin mediación
_bn
_2rdamedia
338 _avolumen
_bnc
_2rdacarrier
500 _aIncluye bibliografía y notas al pie de las páginas.
590 _aInventariado, 2022/MFF
650 4 _aControl de calidad
_920593
650 4 _aCalidad de los productos
_920594
910 _aMFeliz/Validado. Control de calidad MFF
942 _2ddc
_cLBS1
999 _c52158
_d52158